Below Deck Cast Season 7 - Statistics

General Stats
  • This quiz has been taken 12 times
  • The average score is 8 of 10
Answer Stats
Rank Crew Member % Correct
Captain Harold Lee Rosbach
100%
Chief Stew Kate Chastain
100%
Bosun Ashton Pienaar
91%
Deckhand (Ep 7-18) Rhylee Gerber
91%
Lead Deckhand Brian de Saint Pern
82%
Chef Kevin Dobson
82%
Deckhand Tanner Sterback
73%
Third Stew (Ep 1-10) & Second Stew (Ep 11-18) Courtney Skippon
64%
Second Stew Simone Mashile
64%
Deckhand (Ep 1-6) Abbi Murphy
55%
No matching quizzes found
Score Distribution
Percent of People with Each Score
Percentile by Number Answered
Your Score History
You have not taken this quiz